Normal view
MARC view
Entry Personal Name
001 - CONTROL NUMBER
- control field: 44910
003 - CONTROL NUMBER IDENTIFIER
- control field: ARRUPE
005 - DATE AND TIME OF LATEST TRANSACTION
- control field: 20190228141836.0
008 - FIXED-LENGTH DATA ELEMENTS
- fixed length control field: 190228|| aca||aabn | a|a d
040 ## - CATALOGING SOURCE
- Original cataloging agency: ARRUPE
- Transcribing agency: ARRUPE
100 ## - HEADING--PERSONAL NAME
- Personal name: Brian Murtough , Murtough, Brian ed.
670 ## - SOURCE DATA FOUND
- Source citation: Work cat.: (ARRUPE)36111: The Pope, the pill and the people